000 02313cam a2200361 4500500
005 20251228073942.0
041 _afre
042 _adc
100 1 0 _aCosmopoulos, Michael B.
_eauthor
245 0 0 _aLieux de mémoire mycéniens et la naissance des sanctuaires grecs
260 _c2016.
500 _a9
520 _aLes archéologues deviennent de plus en plus conscients du rôle que la mémoire culturelle a joué dans la création de l’espace sacré en Grèce ancienne. L’examen des sites mycéniens subsistant sur les lieux de sites religieux grecs et, plus particulièrement, l’analyse des cas d’intégration de ruines et d’objets mycéniens dans le contexte rituel de la période géométrique démontrent que pendant l’âge du Fer il y eut des sites mycéniens qui ont fonctionné comme des « lieux de mémoire » et ont joué un rôle dans le processus de sacralisation de l’espace ainsi que dans la formation des sanctuaires grecs.
520 _aMycenaean places of memory and the birth of Greek sanctuaires Archaeologists are becoming increasingly aware of the role that cultural memory has played in the creation of sacred space in Ancient Greece. The study of the Bronze Age predecessors of major Greek religious sites and, especially of cases of integration of Mycenaean ruins and objects into the ritual contexts of the Geometric period, demonstrates that in the Early Iron Age certain Mycenaean sites functioned as “lieux de mémoire” and affected the process of sacralization of space and the formation of Greek sanctuaries.
690 _aAide‑ mémoire
690 _aContinuité religieuse
690 _aCréation d’espaces sacrés
690 _aLieux de mémoire
690 _aMémoire culturelle
690 _aMonde grec
690 _aRuines mycéniennes
690 _aSanctuaires grecs
690 _aAide‑mémoire
690 _aCreation of sacred space
690 _aCultural memory
690 _aGreek sanctuaries
690 _aGreek world
690 _aLieux de mémoire
690 _aMycenaean ruins
690 _aReligious continuity
786 0 _nRevue archéologique | 62 | 2 | 2016-11-30 | p. 251-278 | 0035-0737
856 4 1 _uhttps://shs.cairn.info/revue-archeologique-2016-2-page-251?lang=fr&redirect-ssocas=7080
999 _c1596444
_d1596444